Inclusion and Innovation in the Digital Economy

Guardado en:
Detalles Bibliográficos
Autor principal: Sokołowska, Ewelina
Otros Autores: Gawrycka, Małgorzata
Formato: Libro
Lenguaje:inglés
Publicado: Abingdon Routledge/Taylor & Francis Group 2026
Edición:1st Edition
Materias:
Etiquetas: Agregar Etiqueta
Sin Etiquetas, Sea el primero en etiquetar este registro!

MARC

LEADER 00000nam a2200000 4500
001 0315331
005 20260318132238.8
020 |a 9781040577493 
041 0 |a eng 
044 |a GB 
245 1 0 |a Inclusion and Innovation in the Digital Economy  |c Ewelina Sokołowska and Małgorzata Gawrycka 
250 |a 1st Edition 
264 1 |a Abingdon  |b Routledge/Taylor & Francis Group  |c 2026 
300 |a 200 s. 
500 |a ProQuest e-books. 
610 2 0 |a ekonomika digitálna 
610 2 0 |a inklúzia 
610 2 0 |a inovácia 
610 2 0 |a inovácie technologické 
610 2 0 |a trh práce 
100 1 |a Sokołowska, Ewelina 
700 1 |a Gawrycka, Małgorzata